01507nam a2200337Ia 4500001001200000003000800012006001900020007001500039008004100054040002100095035002100116050002400137100002100161245017500182260008700357300001800444490003500462500001600497504004100513533015200554650005100706650005800757650005000815655002900865700002000894710005700914710001700971830003600988856012601024999001901150ebr10380822CaPaEBRm u cr cn|||||||||061003s2006 dcua sb i000 0 eng d aCaPaEBRcCaPaEBR a(OCoLC)69414110214aHB3711b.T34 2006eb1 aTchakarov, Ivan.14aThe role of interest rates in business cycle fluctuations in emerging market countriesh[electronic resource] :bthe case of Thailand /cIvan Tchakarov and Selim Elekdag. a[Washington, D.C.] :bInternational Monetary Fund, Asia and Pacific Dept.,cc2006. a22 p. :bill.1 aIMF working paper ;vWP/06/110 a"May 2006." aIncludes bibliographical references. aElectronic reproduction.bPalo Alto, Calif. :cebrary,d2011.nAvailable via World Wide Web.nAccess may be limited to ebrary affiliated libraries. 0aBusiness cycleszThailandxEconometric models. 0aForeign exchange rateszThailandxEconometric models. 0aInterest rateszThailandxEconometric models. 7aElectronic books.2local1 aElekdag, Selim.2 aInternational Monetary Fund.bAsia and Pacific Dept.2 aebrary, Inc. 0aIMF working paper ;vWP/06/110.40uhttp://site.ebrary.com/lib/rucke/Doc?id=10380822zAn electronic book accessible through the World Wide Web; click to view c102817d102817